00462nam a2200169Ia 450000500170000000800410001704000190005804100120007708200130008924500680010226000390017030000120020950400190022165000080024065100340024885000100028220240122091307.0131103s9999 xx 000 0 und d aLoreto College aEnglish a342bFIN aFive constitutionscedited, with an introduction by S. E. Finer aHarmondsworthbPenguin Booksc1979 a349 p.  aIncludes index aLaw aConstitutional Law - Politics aLCLIB